| 000 | 00000nas 2200000zi 4500 |
| 001 | 9.897955 |
| 003 | CaOODSP |
| 005 | 20240904142013 |
| 006 | m o d f |
| 007 | cr cn||||||||| |
| 008 | 210325d19831988oncux p o f0###a0eng|d |
| 040 | |aCaOODSP|beng|erda|cCaOODSP |
| 043 | |an-cn--- |
| 086 | 1 |aC41-5E-PDF |
| 245 | 00|aImport analysis. |
| 246 | 3 |iIssues 86001- have title: |aImport analysis : |bmarket research support |
| 264 | 1|aOttawa : |bMarket Information and Analysis Division, Market Development Branch, Regional Industrial Expansion, |c1983-1988. |
| 310 | |aIrregular |
| 336 | |atext|btxt|2rdacontent |
| 337 | |acomputer|bc|2rdamedia |
| 338 | |aonline resource|bcr|2rdacarrier |
| 362 | 1 |aBegan with No. 83007; ceased with No. 88014. |
| 500 | |aEach issue has a distinctive title. |
| 500 | |aIssued also in French under title: Analyse des importations. |
| 500 | |aDigitized edition from print [produced by Innovation, Science and Economic Development Canada]. |
| 500 | |aCaption title. |
| 500 | |aIncludes indexes. |
| 650 | 0|aCommercial products|zCanada|vPeriodicals. |
| 655 | 7|aPeriodicals|2lcgft |
| 710 | 1 |aCanada. |bDepartment of Regional Industrial Expansion, |eissuing body. |
| 775 | 08|tAnalyse des importations.|w(CaOODSP)9.897954 |
| 780 | 00|tImport analysis.|w(CaOODSP)9.942840 |
| 785 | 00|tMarket intelligence.|w(CaOODSP)9.871408 |